00321nam a22001217a 4500003000400000082001400004100001600018245009900034260003500133300000800168650001500176653000800191SGT a658bI22G aGAUR, NISHA aImpact Of Work Stress Towards Work Life Balance A Study Of Judicial Officers In Indian Context aGURUGRAMbSGT UNIVERSITYc2022 a225 aMANAGEMENT aPHD